Afghanistan and Iraq : perspectives on U.S. strategy. Pt. 2 : hearing before the Oversight and Investigations Subcommittee of the Committee on Armed Services, House of Representatives, One Hundred Eleventh Congress, first session, hearing held November 5, 2009.

Bibliographic Details
Corporate Author: United States. Congress. House. Committee on Armed Services. Oversight and Investigations Subcommittee
Format: Government Document eBook
Language:English
Published: Washington : U.S. G.P.O., 2010.
Subjects:
Online Access:Electronic resource (PDF)

MARC

Tag First Indicator Second Indicator Subfields
LEADER 00000cam a22000001a 4500
001 in00004100607
005 20200117091327.0
006 m d f
007 cr bn mmmapmmp
008 100925s2010 dcu ob f000 0 eng d
035 |a chdc201000167 
040 |a UMI  |c UMI  |d UtOrBLW 
042 |a pcc 
043 |a n-us---  |a a-af---  |a a-iq--- 
074 |a 1012-C-01 
086 0 |a Y 4.AR 5/2A:2009-2010/106 
088 |a H.A.S.C. no. 111-106 
110 1 |a United States.  |b Congress.  |b House.  |b Committee on Armed Services.  |b Oversight and Investigations Subcommittee.  |0 http://id.loc.gov/authorities/names/no93019558 
245 1 0 |a Afghanistan and Iraq :  |b perspectives on U.S. strategy.  |n Pt. 2 : hearing before the Oversight and Investigations Subcommittee of the Committee on Armed Services, House of Representatives, One Hundred Eleventh Congress, first session, hearing held November 5, 2009. 
264 1 |a Washington :  |b U.S. G.P.O.,  |c 2010. 
264 2 |a Washington :  |b For sale by the Supt. of Docs., U.S. G.P.O. 
300 |a iii, 87 pages, digital, PDF file. 
336 |a text  |b txt  |2 rdacontent 
337 |a computer  |b c  |2 rdamedia 
338 |a online resource  |b cr  |2 rdacarrier 
500 |a Shipping list number: 2010-0352-P. 
504 |a Includes bibliographical references. 
500 |a "H.A.S.C. number 111-106." 
500 |a Record is based on bibliographic data in ProQuest Congressional Hearings Digital Collection. Reuse except for individual research requires license from ProQuest, LLC. 
500 |a Electronic resource. 
533 |a Electronic reproduction.  |b [Bethesda, Md.] :  |c ProQuest,  |d 2010.  |e digital, PDF file.  |n ProQuest U.S. Congressional Hearings Digital Collection.  |n Mode of access: World Wide Web via ProQuest website. 
538 |a System requirements: PDF reader software. 
610 2 0 |a Qaida (Organization)  |0 http://id.loc.gov/authorities/names/n2001058020 
650 0 |a Afghan War, 2001-  |x Planning. 
650 0 |a Internal security  |z Afghanistan. 
650 0 |a Iraq War, 2003-2011.  |0 http://id.loc.gov/authorities/subjects/sh2003003059 
651 0 |a United States  |x Armed Forces  |x Stability operations.  |0 http://id.loc.gov/authorities/subjects/sh2006001325 
776 0 8 |i Print version:   |a United States. Congress. House. Committee on Armed Services. Oversight and Investigations Subcommittee.  |t Afghanistan and Iraq  |w 9780160861918  |w 0160861918  |w (OCoLC)ocn654396470  |z 2010478791 
776 0 8 |i Microfiche version:   |a United States. Congress. House. Committee on Armed Services. Oversight and Investigations Subcommittee.  |t Afghanistan and Iraq  |d [Bethesda, Md.] : ProQuest,[2010]  |o CIS 2010 H201-95  |w (ProQuest)cis01000214  
856 4 0 |u http://proxy.library.tamu.edu/login?url=http://search.proquest.com/congcomp/getdoc?HEARING-ID=HRG-2009-ASH-0058  |y Electronic resource (PDF)  |t 0 
998 |a cis01000214  
999 f f |s 9ae6d2ce-45c6-3968-9b69-14e5d10257e2  |i 4b86589f-dde3-3ff4-9994-654e6a34a478  |t 0 
952 f f |a Texas A&M University  |b College Station  |c Electronic Resources  |d Available Online  |t 0  |e Y 4.AR 5/2A:2009-2010/106  |h Superintendent of Documents classification 
998 f f |a Y 4.AR 5/2A:2009-2010/106  |t 0  |l Available Online